Kevin Nash's career opponents - Statistics

General Stats
  • This quiz has been taken 198 times
    155 since last reset
  • The average score is 58 of 107
Answer Stats
Answer % Correct
Bret "Hit Man" Hart
98%
Hulk Hogan
98%
"Macho Man" Randy Savage
98%
Scott Hall
98%
Shawn Michaels
98%
The Undertaker
98%
Goldberg
95%
Lex Luger
95%
Owen Hart
95%
Ric Flair
95%
Chris Benoit
93%
Jeff Jarrett
93%
Sting
93%
David Flair
91%
Rey Mysterio Jr.
91%
Rick Steiner
91%
Scott Steiner
91%
Triple H
91%
Booker T
88%
"Diamond" Dallas Page
88%
Dustin Rhodes
88%
King Mabel
88%
Kurt Angle
86%
Sid Vicious
86%
The Giant
86%
The Rock
86%
Bam Bam Bigelow
84%
Chris Jericho
84%
Sir Mo
84%
Yokozuna
84%
Davey Boy Smith
81%
Mick Foley
81%
Buff Bagwell
77%
A.J. Styles
74%
Curt Hennig
72%
The 1-2-3 Kid
72%
Fatu
70%
Raven
70%
Robbie V
70%
Stevie Ray
70%
Barry Windham
67%
Billy Gunn
67%
Bob Backlund
67%
Bob Holly
67%
Terry Funk
67%
Chris Kanyon
65%
Steve Regal
65%
Brian Adams
63%
Johnny Gunn
63%
Marty Jannetty
63%
Tatanka
63%
Brian Pillman
60%
Samoa Joe
60%
King Kong Bundy
58%
Abyss
56%
Hak
56%
Mike Awesome
56%
Test
51%
Tommy Rich
49%
Ron Simmons
47%
Virgil
47%
Eric Young
44%
Barry Horowitz
42%
Bobby Eaton
42%
Robert Roode
42%
2 Cold Scorpio
40%
Tom Zenk
40%
Van Hammer
40%
Wrath
40%
Hernandez
37%
BG James
35%
Erik Watts
35%
Ernest Miller
35%
Isaac Yankem
35%
Johnny B. Badd
35%
Shawn Stasiak
33%
Santino Marella
30%
The Wall
30%
Duke "The Dumpster" Droese
28%
Ray Traylor
28%
Chris Sabin
26%
Big Josh
23%
P.N. News
23%
Stevie Richards
23%
Junkyard Dog
21%
Mike Sanders
19%
Rad Radford
19%
Ricky Morton
19%
The Brooklyn Brawler
19%
Typhoon
19%
Sionne
16%
Tracy Smothers
16%
Waylon Mercy
16%
Amazing Red
12%
Keith Cole
12%
Arachnaman
9%
Nikita Koloff
9%
P.J. Walker
9%
Bill Kazmaier
7%
Consequences Creed
7%
Jean Pierre Lafitte
7%
Lance Cade
7%
Shinya Hashimoto
5%
Big Vito
2%
Joey Maggs
2%
Prince Iaukea
2%
Gene Snitsky
0%
No matching quizzes found
Score Distribution
Percent of People with Each Score
Percentile by Number Answered
Your Score History
You have not taken this quiz since the last reset